<?xml version="1.0" encoding="UTF-8"?><?xml-stylesheet type="text/xsl" href="static/style.xsl"?><OAI-PMH xmlns="http://www.openarchives.org/OAI/2.0/" xmlns:xsi="http://www.w3.org/2001/XMLSchema-instance" xsi:schemaLocation="http://www.openarchives.org/OAI/2.0/ http://www.openarchives.org/OAI/2.0/OAI-PMH.xsd"><responseDate>2026-04-17T12:20:51Z</responseDate><request verb="GetRecord" identifier="oai:riubu.ubu.es:10259/7521" metadataPrefix="marc">https://riubu.ubu.es/oai/request</request><GetRecord><record><header><identifier>oai:riubu.ubu.es:10259/7521</identifier><datestamp>2024-05-13T07:00:57Z</datestamp><setSpec>com_10259_2699</setSpec><setSpec>col_10259_2713</setSpec></header><metadata><record xmlns="http://www.loc.gov/MARC21/slim" xmlns:doc="http://www.lyncode.com/xoai" xmlns:xsi="http://www.w3.org/2001/XMLSchema-instance" xmlns:dcterms="http://purl.org/dc/terms/" xsi:schemaLocation="http://www.loc.gov/MARC21/slim http://www.loc.gov/standards/marcxml/schema/MARC21slim.xsd">
<leader>00925njm 22002777a 4500</leader>
<datafield tag="042" ind1=" " ind2=" ">
<subfield code="a">dc</subfield>
</datafield>
<datafield tag="720" ind1=" " ind2=" ">
<subfield code="a">San Martín Zapatero, Jesús Alberto</subfield>
<subfield code="e">author</subfield>
</datafield>
<datafield tag="260" ind1=" " ind2=" ">
<subfield code="c">2019</subfield>
</datafield>
<datafield tag="520" ind1=" " ind2=" ">
<subfield code="a">Esta investigación, enmarcada en la Didáctica de las Ciencias Sociales, se refiere a la creación y diseño de una metodología didáctica dirigida a alumnado de Educación Primaria para la construcción colectiva de aprendizajes sobre prehistoria. La motivación nace al detectar carencias y ausencias de metodologías didácticas sobre prehistoria.&#xd;
Es una metodología donde elementos como la narración oral escénica, el cuento, el juego dramático, la experimentación didáctica en arqueología, el uso de la estrategia interrogativa y el vínculo curricular a través de las Competencias Clave, conforman una metodología para la construcción colectiva de conocimientos sobre prehistoria.&#xd;
La investigación acción participativa como estrategia cualitativa es el referente empírico que pretende validar la incidencia de esta metodología para obtener empatía prehistórica, lograr aprendizajes a través de la educación emocional, conseguir aprendizajes basados en la comprensión y contribuir al desarrollo de Competencias Clave, todo ello en un marco inclusivo, participativo, cooperativo y colaborativo.</subfield>
</datafield>
<datafield tag="024" ind2=" " ind1="8">
<subfield code="a">http://hdl.handle.net/10259/7521</subfield>
</datafield>
<datafield tag="024" ind2=" " ind1="8">
<subfield code="a">10.36443/10259/7521</subfield>
</datafield>
<datafield ind1=" " ind2=" " tag="653">
<subfield code="a">Metodología</subfield>
</datafield>
<datafield ind1=" " ind2=" " tag="653">
<subfield code="a">Didáctica</subfield>
</datafield>
<datafield ind1=" " ind2=" " tag="653">
<subfield code="a">Prehistoria</subfield>
</datafield>
<datafield ind1=" " ind2=" " tag="653">
<subfield code="a">Educación Primaria</subfield>
</datafield>
<datafield ind1=" " ind2=" " tag="653">
<subfield code="a">Cuento</subfield>
</datafield>
<datafield ind1=" " ind2=" " tag="653">
<subfield code="a">Methodology</subfield>
</datafield>
<datafield ind1=" " ind2=" " tag="653">
<subfield code="a">Teaching</subfield>
</datafield>
<datafield ind1=" " ind2=" " tag="653">
<subfield code="a">Prehistory</subfield>
</datafield>
<datafield ind1=" " ind2=" " tag="653">
<subfield code="a">Primary Education</subfield>
</datafield>
<datafield ind1=" " ind2=" " tag="653">
<subfield code="a">Tale</subfield>
</datafield>
<datafield tag="245" ind1="0" ind2="0">
<subfield code="a">La prehistoria cuenta: incidencia de una metodología aplicada para la didáctica de la prehistoria</subfield>
</datafield>
</record></metadata></record></GetRecord></OAI-PMH>